[Event "OLNN 1819 Hamburger SK III - SG Turm Ki"]
[Site "?"]
[Date "2018.12.16"]
[Round "4.8"]
[White "Holinka, Henning"]
[Black "Luckow, Rolf"]
[Result "1/2-1/2"]
[WhiteElo "2108"]
[BlackElo "2208"]
[PlyCount "80"]
[EventDate "2018.??.??"]

1. e4 c6 2. d4 d5 3. Nc3 dxe4 4. Nxe4 Nf6 5. Nxf6+ exf6 6. c3 Bd6 7. Bd3 O-O 8.
Qc2 Re8+ 9. Ne2 g6 10. h4 Nd7 11. h5 f5 12. Be3 Nf8 13. hxg6 hxg6 14. O-O-O Qc7
15. Bg5 Be7 16. Bh6 Bf6 17. Nf4 Bg7 18. Qd2 Ne6 19. Nxe6 Bxe6 20. Kb1 c5 21.
Bxg7 Kxg7 22. Qh6+ Kf6 23. f4 cxd4 24. cxd4 Bd5 25. Qg5+ Kg7 26. Bxf5 Bxa2+ 27.
Kxa2 Qa5+ 28. Kb1 Qxf5+ 29. Qxf5 gxf5 30. Rh5 Re2 31. Rxf5 Rxg2 32. d5 Rd8 33.
d6 Rg6 34. d7 Rc6 35. Rfd5 Kf6 36. Re5 Rc7 37. Rd6+ Kg7 38. Red5 f6 39. f5 Kf7
40. Rd3 Ke7 1/2-1/2

[Event "OLNN 1819 Hamburger SK III - SG Turm Ki"]
[Site "?"]
[Date "2018.12.16"]
[Round "4.3"]
[White "Michna, Marta"]
[Black "Zieher, Hartmut"]
[Result "1-0"]
[WhiteElo "2333"]
[BlackElo "2205"]
[PlyCount "95"]
[EventDate "2018.??.??"]

1. f4 d5 2. Nf3 g6 3. g3 Bg7 4. Bg2 c5 5. O-O e6 6. d3 Ne7 7. Qe1 O-O 8. e4
Nbc6 9. e5 f6 10. Na3 Qc7 11. Nb5 Qb6 12. c4 a6 13. Nc3 Bd7 14. Bh3 f5 15. Qf2
d4 16. Nd1 Qc7 17. b3 b5 18. Nb2 Na5 19. Bd2 bxc4 20. dxc4 Nac6 21. Nd3 Qb6 22.
Rab1 a5 23. a3 Rfb8 24. Rfc1 Bf8 25. Bf1 Nc8 26. g4 h6 27. Qg3 Kh7 28. Nh4 Be8
29. Bg2 Ra7 30. Qe1 Qd8 31. h3 Be7 32. Nf3 Rab7 33. Qd1 Rb6 34. Rb2 Qc7 35.
Rcb1 Qa7 36. Kh2 a4 37. b4 cxb4 38. c5 Ra6 39. axb4 a3 40. Ra2 Ra4 41. Rb3 Qa6
42. Qa1 Qc4 43. Rbxa3 Rxa3 44. Rxa3 Nxb4 45. Nxb4 Rxb4 46. Bxb4 Qxb4 47. Ra8
Bd7 48. c6 1-0

[Event "OLNN 1819 SC Diogenes - SF Schwerin"]
[Site "?"]
[Date "2019.01.20"]
[Round "5.1"]
[White "Horvath, Csaba"]
[Black "Hochgraefe, Markus"]
[Result "0-1"]
[WhiteElo "2509"]
[BlackElo "2416"]
[PlyCount "96"]
[EventDate "2019.??.??"]

1. Nf3 d5 2. g3 c6 3. Bg2 Nf6 4. O-O Bg4 5. d3 e6 6. Nbd2 Be7 7. h3 Bh5 8. g4
Bg6 9. Ne5 Nbd7 10. Nxg6 hxg6 11. e3 Bd6 12. Qe2 Qc7 13. c4 O-O 14. b3 b5 15.
d4 bxc4 16. bxc4 Be7 17. g5 Nh7 18. h4 Bb4 19. Rb1 Rab8 20. c5 e5 21. f4 exd4
22. exd4 Rfe8 23. Qd3 Nhf8 24. Nb3 Re1 25. a3 Rxf1+ 26. Qxf1 Bc3 27. Be3 Ne6
28. Qd3 Ba5 29. Rf1 Rb7 30. h5 gxh5 31. f5 Nef8 32. Bf4 Qd8 33. Nxa5 Qxa5 34.
Bd6 Rb2 35. Qe3 Qa4 36. g6 Qc2 37. gxf7+ Kxf7 38. Bf3 Kg8 39. Qg5 Nf6 40. Be5
N8d7 41. Bd6 Qd3 42. Be5 Nxe5 43. dxe5 Qd4+ 44. Kh1 Ne4 45. Bxe4 Qxe4+ 46. Kg1
Qd4+ 47. Kh1 Qd3 48. Kg1 Qh3 0-1

[Event "OLNN 1819 SC Diogenes - SF Schwerin"]
[Site "?"]
[Date "2019.01.20"]
[Round "5.2"]
[White "Schulenburg, Fabian"]
[Black "Danielsen, Henrik"]
[Result "1/2-1/2"]
[WhiteElo "2267"]
[BlackElo "2494"]
[PlyCount "93"]
[EventDate "2019.??.??"]

1. e4 c5 2. Nf3 g6 3. d4 cxd4 4. Nxd4 Bg7 5. Be3 Nf6 6. Nc3 Nc6 7. Bc4 O-O 8.
Bb3 d6 9. h3 Bd7 10. O-O Na5 11. Qd2 Rc8 12. Bh6 Nc4 13. Bxc4 Rxc4 14. Bxg7
Kxg7 15. Qd3 Rc5 16. Rfe1 a6 17. Nb3 Rc8 18. Nd5 Bb5 19. Qd2 e5 20. Nxf6 Qxf6
21. a4 Bd7 22. Qd3 Be6 23. Nd2 Qg5 24. Re3 Rc6 25. c4 Kh8 26. Rg3 Qh6 27. Rf1
f5 28. exf5 Rxf5 29. b3 Rf4 30. Ne4 Bf5 31. Re3 Qf8 32. Qd5 Qb8 33. Rd1 Bxe4
34. Rxe4 Rf6 35. f4 Rc5 36. Qd2 a5 37. fxe5 dxe5 38. Qg5 Rd6 39. Rf1 Qe8 40.
Rfe1 Re6 41. Rd1 Qe7 42. Rd8+ Kg7 43. Qd2 Rc7 44. Rd5 b6 45. Qe2 Rc5 46. Rd3
Rd6 47. Rde3 1/2-1/2

[Event "OLNN 1819 SC Diogenes - SF Schwerin"]
[Site "?"]
[Date "2019.01.20"]
[Round "5.3"]
[White "Horvath, Jozsef"]
[Black "Schulenburg, Torben"]
[Result "1/2-1/2"]
[WhiteElo "2488"]
[BlackElo "2169"]
[PlyCount "86"]
[EventDate "2019.??.??"]

1. Nf3 Nf6 2. g3 g6 3. b3 Bg7 4. Bb2 d5 5. c4 O-O 6. Bg2 c6 7. d3 Nbd7 8. O-O
Re8 9. d4 Ne4 10. Na3 e6 11. e3 b6 12. Rc1 Bb7 13. Qe2 Qe7 14. Rfd1 a5 15. Nd2
f5 16. f3 Nxd2 17. Qxd2 Red8 18. Qe1 c5 19. Nb5 a4 20. Rd2 Bc6 21. Nc3 cxd4 22.
exd4 dxc4 23. bxc4 Nf8 24. d5 Be8 25. f4 Rac8 26. dxe6 Rxd2 27. Qxd2 a3 28. Ba1
Rxc4 29. Bd5 Rd4 30. Qe3 Kh8 31. Bb3 Rd6 32. Re1 Bc6 33. Qxb6 h5 34. Nb5 Bxb5
35. Bxg7+ Kxg7 36. Qxb5 Nxe6 37. Qa5 Qf6 38. Qxa3 Qd4+ 39. Kh1 Qf2 40. Qxd6
Qxe1+ 41. Kg2 Qe2+ 42. Kg1 Qe1+ 43. Kg2 Qe2+ 1/2-1/2

[Event "OLNN 1819 SC Diogenes - SF Schwerin"]
[Site "?"]
[Date "2019.01.20"]
[Round "5.4"]
[White "Korba, Roman"]
[Black "De Jong, Migchiel"]
[Result "1/2-1/2"]
[WhiteElo "2137"]
[BlackElo "2322"]
[PlyCount "147"]
[EventDate "2019.??.??"]

1. d4 e6 2. Nf3 c5 3. g3 b5 4. Bg2 Bb7 5. c3 Nf6 6. O-O Be7 7. Bg5 cxd4 8. cxd4
O-O 9. Nbd2 d6 10. Re1 Nbd7 11. a4 a6 12. Qb3 Qb6 13. Bxf6 Bxf6 14. e3 Rab8 15.
axb5 axb5 16. Qb4 Be7 17. Rec1 Nf6 18. Nc4 Qd8 19. Na5 Qd7 20. Nxb7 Rxb7 21.
Ne1 d5 22. Qa5 Bd8 23. Qa6 Rb6 24. Qa7 Rb7 25. Qa6 Rb6 26. Qa2 Ne4 27. Nd3 Nd6
28. Ne5 Qb7 29. Qa7 Re8 30. b3 b4 31. Bf1 Re7 32. Qa8 Re8 33. Ra7 Qxa8 34. Rxa8
Bc7 35. Ra7 Bb8 36. Ra8 Bc7 37. Ra4 Bb8 38. Rc6 Rxc6 39. Nxc6 Bc7 40. Nxb4 Ne4
41. Nc6 f6 42. b4 e5 43. Ra7 Bd6 44. Rd7 exd4 45. exd4 Ra8 46. Bh3 Ng5 47. Bg4
Bf8 48. h4 Ne4 49. Be6+ Kh8 50. Bxd5 Nc3 51. Bc4 g6 52. b5 Ra1+ 53. Kg2 Rb1 54.
Nd8 Rb4 55. Rc7 Nxb5 56. Bxb5 Rxb5 57. Ne6 Rb8 58. Rf7 Bb4 59. Rxf6 Kg8 60. h5
Be7 61. Rf3 gxh5 62. Rf5 h4 63. g4 Rb3 64. f3 Re3 65. d5 Rd3 66. g5 Rd1 67. Kh3
Rh1+ 68. Kg4 h3 69. Kg3 Bb4 70. Kf2 Be1+ 71. Ke2 Bb4 72. Kf2 Be1+ 73. Ke2 Bb4
74. Kf2 1/2-1/2

[Event "OLNN 1819 SC Diogenes - SF Schwerin"]
[Site "?"]
[Date "2019.01.20"]
[Round "5.5"]
[White "Kesten, Sebastian"]
[Black "Laqua, Christian"]
[Result "1/2-1/2"]
[WhiteElo "2296"]
[BlackElo "2132"]
[PlyCount "26"]
[EventDate "2019.??.??"]

1. c4 e5 2. g3 d6 3. Bg2 f5 4. Nc3 Nf6 5. e3 Be7 6. Nge2 O-O 7. O-O c6 8. d3
Na6 9. a3 Nc7 10. b4 a6 11. Bb2 Be6 12. Rc1 Qe8 13. Na4 Qh5 1/2-1/2

[Event "OLNN 1819 SC Diogenes - SF Schwerin"]
[Site "?"]
[Date "2019.01.20"]
[Round "5.6"]
[White "Kalla, Christian"]
[Black "Reichmann, Hendrik"]
[Result "1/2-1/2"]
[WhiteElo "1978"]
[BlackElo "2350"]
[PlyCount "89"]
[EventDate "2019.??.??"]

1. e4 g6 2. d4 Bg7 3. Nc3 d6 4. Be3 a6 5. Qd2 b5 6. h4 h6 7. f3 Nd7 8. O-O-O
Bb7 9. g4 Rc8 10. Bh3 Nb6 11. b3 e6 12. g5 Nd7 13. d5 Qe7 14. gxh6 Bxh6 15.
Bxh6 Rxh6 16. dxe6 fxe6 17. Nge2 Qf6 18. Nd4 e5 19. Ne6 Rxh4 20. Qg2 Ke7 21.
Bg4 g5 22. Rxh4 gxh4 23. Qh3 Nh6 24. Nd5+ Bxd5 25. exd5 Rg8 26. Rh1 Nb6 27.
Nxc7 Qg5+ 28. Kb1 Nxg4 29. fxg4 Qxg4 30. Qxh4+ Qxh4 31. Rxh4 Kd7 32. Rh7+ Kc8
33. Nxa6 Nxd5 34. c4 bxc4 35. bxc4 Nf6 36. Rf7 Ne4 37. Kb2 Rg3 38. a4 Ng5 39.
Rc7+ Kd8 40. Rb7 Ne6 41. c5 dxc5 42. Rb5 Rg4 43. Nxc5 Nxc5 44. Rxc5 Rxa4 45.
Rxe5 1/2-1/2

[Event "OLNN 1819 SC Diogenes - SF Schwerin"]
[Site "?"]
[Date "2019.01.20"]
[Round "5.7"]
[White "Schulz, Karsten"]
[Black "Kilic, Oguz"]
[Result "1-0"]
[WhiteElo "2240"]
[BlackElo "2020"]
[PlyCount "79"]
[EventDate "2019.??.??"]

1. Nf3 Nf6 2. g3 g6 3. b3 Bg7 4. Bb2 O-O 5. Bg2 d6 6. d4 Nfd7 7. O-O Nc6 8. c4
e5 9. dxe5 Ndxe5 10. Nc3 Rb8 11. Qd2 Bg4 12. Rad1 Nxf3+ 13. exf3 Bd7 14. Nd5 f6
15. Rfe1 Rf7 16. f4 Bg4 17. Rc1 Qd7 18. Ne3 Be6 19. Rcd1 Re8 20. Nd5 Kf8 21.
Ba3 Bxd5 22. Bxd5 Rfe7 23. c5 Rxe1+ 24. Rxe1 Rxe1+ 25. Qxe1 Qe7 26. Qd2 dxc5
27. Bxc6 bxc6 28. Qc1 Ke8 29. Bxc5 Qe2 30. Bxa7 Qxa2 31. Qxc6+ Kd8 32. Qd5+ Kc8
33. Be3 Bf8 34. Qe6+ Kb7 35. Qe4+ c6 36. Qe6 Bb4 37. Qd7+ Kb8 38. Qd8+ Kb7 39.
Qb6+ Kc8 40. Qxc6+ 1-0

[Event "OLNN 1819 SC Diogenes - SF Schwerin"]
[Site "?"]
[Date "2019.01.20"]
[Round "5.8"]
[White "Apitzsch, Leon Fabian"]
[Black "Rittemann, Steffen"]
[Result "1-0"]
[WhiteElo "1951"]
[BlackElo "2159"]
[PlyCount "101"]
[EventDate "2019.??.??"]

1. e4 c5 2. Nc3 a6 3. a4 d6 4. g3 g6 5. Bg2 Bg7 6. Nge2 Nc6 7. O-O e6 8. d3
Nge7 9. Be3 Nd4 10. Qd2 O-O 11. Nd1 Re8 12. Nxd4 cxd4 13. Bh6 Bh8 14. f4 Qc7
15. c4 dxc3 16. bxc3 Bd7 17. d4 Rac8 18. Ra3 Qa5 19. Ne3 Rc7 20. e5 Nf5 21.
Nxf5 exf5 22. exd6 Rc4 23. Qd3 Rec8 24. Bxb7 Rxc3 25. Rxc3 Rxc3 26. Qxa6 Bxd4+
27. Kg2 Qxa6 28. Bxa6 Bc6+ 29. Kh3 Rc2 30. Re1 f6 31. Bb5 Bg2+ 32. Kh4 Be4 33.
Re2 Rxe2 34. Bxe2 Kf7 35. Bc4+ Ke8 36. Bg8 Bc6 37. a5 Bc5 38. Bg7 Bxd6 39. Bxf6
h6 40. Bg7 Bf8 41. Bxf8 Kxf8 42. Bc4 Ke7 43. h3 Kf6 44. g4 g5+ 45. Kg3 fxg4 46.
hxg4 h5 47. gxh5 Bb7 48. Bd3 Bc8 49. h6 gxf4+ 50. Kxf4 Bb7 51. Ke3 1-0

[Event "OLNN 1819 SK Johanneum Eppendorf - FC S"]
[Site "?"]
[Date "2019.01.20"]
[Round "5.1"]
[White "Trisic, Aleksandar"]
[Black "Wedberg, Tom"]
[Result "1-0"]
[WhiteElo "2278"]
[BlackElo "2428"]
[PlyCount "97"]
[EventDate "2019.??.??"]

1. d4 Nf6 2. Nf3 e6 3. c4 c5 4. e3 d5 5. Nc3 Nc6 6. a3 a6 7. dxc5 Bxc5 8. b4
Ba7 9. Bb2 O-O 10. Be2 dxc4 11. Bxc4 b5 12. Bd3 Bb7 13. O-O Rc8 14. Qb1 Qe7 15.
Ne4 Nxe4 16. Bxe4 h6 17. Rd1 Bb8 18. Bc3 f5 19. Bxc6 Bxc6 20. Qb2 Bxf3 21. gxf3
Qc7 22. Rac1 Qxh2+ 23. Kf1 Qc7 24. Ke2 Qc4+ 25. Ke1 Qc7 26. Ke2 Qf7 27. Rg1 e5
28. f4 Qc4+ 29. Kf3 Qd5+ 30. Ke2 Qc4+ 31. Kf3 e4+ 32. Kg2 Qf7 33. Kf1 g6 34.
Kg2 Rc6 35. Rh1 h5 36. Qd2 Rd6 37. Qe2 Rc6 38. Qd2 Rc4 39. Rcd1 Kh7 40. Ba1 Rc6
41. Qd7 Rcc8 42. Rd2 Kh6 43. Rhd1 Rce8 44. Qxf7 Rxf7 45. Rd8 Rxd8 46. Rxd8 Bc7
47. Rh8+ Rh7 48. Ra8 h4 49. Bf6 1-0

[Event "OLNN 1819 SK Johanneum Eppendorf - FC S"]
[Site "?"]
[Date "2019.01.20"]
[Round "5.2"]
[White "Ertan, Can"]
[Black "Pajeken, Wolfgang"]
[Result "0-1"]
[WhiteElo "2421"]
[BlackElo "2247"]
[PlyCount "82"]
[EventDate "2019.??.??"]

1. e4 e5 2. Nf3 Nc6 3. Bb5 a6 4. Ba4 Nf6 5. O-O Be7 6. Re1 b5 7. Bb3 d6 8. a4
Bb7 9. c3 Na5 10. Bc2 c5 11. d4 Qb8 12. Bg5 Bc6 13. axb5 axb5 14. Nbd2 O-O 15.
d5 Bd7 16. b4 cxb4 17. cxb4 Nc4 18. Nxc4 bxc4 19. Qd2 Qb7 20. Qc3 Bb5 21. Ra5
Rfc8 22. Rea1 Bd8 23. R5a3 Rxa3 24. Qxa3 h6 25. Be3 Ng4 26. Bd2 Bb6 27. Be1 f5
28. Nh4 fxe4 29. Qg3 Nf6 30. Bd2 Rf8 31. Nf5 Kh7 32. Qh4 Qd7 33. g4 Kg8 34.
Bxh6 Nxg4 35. Ne7+ Kf7 36. Be3 Nxe3 37. Bxe4 Qg4+ 38. Qxg4 Nxg4 39. Nf5 Rd8 40.
Ra2 Nf6 41. Bg2 c3 0-1

[Event "OLNN 1819 SK Johanneum Eppendorf - FC S"]
[Site "?"]
[Date "2019.01.20"]
[Round "5.3"]
[White "Priebe, Jan"]
[Black "Zart, Ruediger"]
[Result "1-0"]
[WhiteElo "2242"]
[BlackElo "2161"]
[PlyCount "67"]
[EventDate "2019.??.??"]

1. e4 c6 2. d4 d5 3. Nd2 dxe4 4. Nxe4 Bf5 5. Ng3 Bg6 6. Nf3 Nd7 7. Bf4 Ngf6 8.
Bd3 e6 9. O-O Be7 10. c4 O-O 11. Bxg6 hxg6 12. Qe2 c5 13. Rfd1 Re8 14. a3 a6
15. dxc5 Bxc5 16. b4 Ba7 17. Ne4 Nxe4 18. Qxe4 Qc8 19. Be5 Rd8 20. c5 Bb8 21.
h3 a5 22. Rac1 Nxe5 23. Nxe5 Bxe5 24. Qxe5 axb4 25. axb4 Qc6 26. Qg5 Qc7 27. b5
Rxd1+ 28. Rxd1 f6 29. Qe3 Kf7 30. Rd6 Re8 31. Qd4 Re7 32. b6 Qb8 33. f3 Qe8 34.
c6 1-0

[Event "OLNN 1819 SK Johanneum Eppendorf - FC S"]
[Site "?"]
[Date "2019.01.20"]
[Round "5.4"]
[White "Schroeder, Christoph"]
[Black "Breyther, Ruediger"]
[Result "1/2-1/2"]
[WhiteElo "2161"]
[BlackElo "2242"]
[PlyCount "47"]
[EventDate "2019.??.??"]

1. d4 Nf6 2. Nf3 e6 3. e3 b6 4. Bd3 Bb7 5. O-O c5 6. c4 Be7 7. Nc3 cxd4 8. Nxd4
O-O 9. b3 d6 10. Bb2 Nbd7 11. Rc1 a6 12. Be2 Qc7 13. Bf3 Rfc8 14. Bxb7 Qxb7 15.
Qf3 Qxf3 16. gxf3 Rc7 17. Rfd1 Rac8 18. f4 g6 19. Kg2 Nc5 20. Nde2 Ne8 21. Ba3
Bf8 22. Bxc5 bxc5 23. Na4 Rc6 24. Nec3 1/2-1/2

[Event "OLNN 1819 SK Johanneum Eppendorf - FC S"]
[Site "?"]
[Date "2019.01.20"]
[Round "5.5"]
[White "Perez De Miguel, Alvaro"]
[Black "Behrhorst, Frank"]
[Result "1-0"]
[WhiteElo "2278"]
[BlackElo "2252"]
[PlyCount "85"]
[EventDate "2019.??.??"]

1. d4 d5 2. c4 e6 3. Nc3 Nf6 4. Nf3 c6 5. e3 Nbd7 6. Bd3 dxc4 7. Bxc4 b5 8. Be2
a6 9. e4 b4 10. e5 bxc3 11. exf6 Nxf6 12. bxc3 Qc7 13. Ne5 Bd6 14. O-O O-O 15.
Bf3 Bb7 16. Re1 c5 17. Bxb7 Qxb7 18. Ba3 Rfd8 19. Rb1 Qc7 20. Qf3 cxd4 21. Bxd6
Qxd6 22. cxd4 Rac8 23. a4 Qd5 24. Qxd5 Rxd5 25. Rb7 Rxd4 26. Nc6 Rc4 27. Ne7+
Kf8 28. Nxc8 Rxc8 29. Ra7 Rc6 30. Rb1 g6 31. g3 Ne4 32. Rbb7 Nd6 33. Rc7 Rb6
34. a5 Rb1+ 35. Kg2 Rb2 36. Rd7 Ne4 37. Rxf7+ Kg8 38. Rg7+ Kf8 39. Rgb7 Rxf2+
40. Kg1 Kg8 41. Rb8+ Rf8 42. Rxf8+ Kxf8 43. Rxa6 1-0

[Event "OLNN 1819 SK Johanneum Eppendorf - FC S"]
[Site "?"]
[Date "2019.01.20"]
[Round "5.6"]
[White "von Gleich, Alexander"]
[Black "Richter, Maik"]
[Result "1-0"]
[WhiteElo "2321"]
[BlackElo "2195"]
[PlyCount "79"]
[EventDate "2019.??.??"]

1. Nf3 Nf6 2. c4 g6 3. Nc3 Bg7 4. e4 d6 5. d4 O-O 6. Be2 e5 7. dxe5 dxe5 8.
Qxd8 Rxd8 9. Bg5 c6 10. Nxe5 Re8 11. Rd1 Na6 12. Nf3 Nc5 13. Nd2 h6 14. Be3
Ncxe4 15. Ndxe4 Nxe4 16. Nxe4 Rxe4 17. Rd2 Re8 18. O-O Be6 19. Rfd1 a5 20. a4
Bf8 21. Rc1 Red8 22. Rdd1 Bg7 23. g4 f5 24. g5 hxg5 25. Bxg5 Rxd1+ 26. Rxd1 Be5
27. Kg2 Kf7 28. h4 Rh8 29. Rd3 b6 30. b3 c5 31. Rd8 Rh7 32. Bf3 Bc7 33. Ra8 Rg7
34. h5 Rg8 35. Ra7 gxh5 36. Bxh5+ Kf8 37. f4 Bb8 38. Ra8 Kg7 39. Kf2 Rc8 40.
Bf3 1-0

[Event "OLNN 1819 SK Johanneum Eppendorf - FC S"]
[Site "?"]
[Date "2019.01.20"]
[Round "5.7"]
[White "Mitscherling, Andreas"]
[Black "Keyser, Robin"]
[Result "1/2-1/2"]
[WhiteElo "2181"]
[BlackElo "2006"]
[PlyCount "58"]
[EventDate "2019.??.??"]

1. c4 g6 2. Nc3 Bg7 3. g3 d6 4. Bg2 e5 5. e4 c5 6. Nge2 Ne7 7. d3 Nbc6 8. Rb1
O-O 9. O-O Be6 10. Nd5 Qd7 11. a3 Bh3 12. b4 Bxg2 13. Kxg2 b6 14. f4 exf4 15.
Nexf4 f5 16. Bb2 fxe4 17. dxe4 Nd4 18. b5 Rf7 19. h3 g5 20. Bxd4 Bxd4 21. Nd3
Rxf1 22. Qxf1 Qe6 23. Nxe7+ Qxe7 24. Qf5 Rf8 25. Qd5+ Kg7 26. Rf1 Re8 27. Re1
Qf6 28. Rf1 Qe7 29. Re1 Qf6 1/2-1/2

[Event "OLNN 1819 SK Johanneum Eppendorf - FC S"]
[Site "?"]
[Date "2019.01.20"]
[Round "5.8"]
[White "Ahmels, Volker"]
[Black "Schuetze, Michael"]
[Result "1/2-1/2"]
[WhiteElo "2175"]
[BlackElo "2185"]
[PlyCount "99"]
[EventDate "2019.??.??"]

1. e4 c6 2. Nc3 d5 3. Nf3 Bg4 4. h3 Bxf3 5. Qxf3 e6 6. g3 Nf6 7. Bg2 Bc5 8. O-O
O-O 9. d3 Nbd7 10. Qe2 Qc7 11. Kh2 Ne8 12. f4 d4 13. Nd1 f6 14. Bd2 e5 15. f5
Nd6 16. Bf3 Rfc8 17. Bh5 Nf8 18. Qg4 Qe7 19. Nf2 b5 20. Qh4 Bb6 21. c3 c5 22.
cxd4 cxd4 23. Bd1 a5 24. Bb3+ Kh8 25. a3 a4 26. Bd5 Ra7 27. Rac1 Rac7 28. Rxc7
Rxc7 29. Qh5 Nb7 30. Kg1 Ba5 31. Qd1 Bxd2 32. Qxd2 Nd6 33. Rc1 Qd8 34. Kg2 Qc8
35. Rxc7 Qxc7 36. g4 Nd7 37. h4 Nf8 38. g5 Qd8 39. Ng4 Nxf5 40. gxf6 gxf6 41.
h5 Ne3+ 42. Nxe3 dxe3 43. Qxe3 Qc8 44. Qf3 Kg7 45. Qg3+ Kh6 46. Bf7 Qc1 47. Qf3
Qxb2+ 48. Kh3 Kg7 49. Bd5 Qc1 50. Qg4+ 1/2-1/2

[Event "OLNN 1819 Preetzer TSV - Schachfreunde "]
[Site "?"]
[Date "2019.01.20"]
[Round "5.2"]
[White "Schwarz, Frank"]
[Black "Bokelbrink, Uwe"]
[Result "0-1"]
[WhiteElo "2215"]
[BlackElo "2300"]
[PlyCount "78"]
[EventDate "2019.??.??"]

1. c4 c5 2. Nc3 Nc6 3. g3 g6 4. Bg2 Bg7 5. a3 a5 6. e3 d6 7. Nge2 Nf6 8. O-O
O-O 9. d3 Rb8 10. h3 Bd7 11. Nb5 Ne8 12. Nec3 Nc7 13. Rb1 Nxb5 14. Nxb5 Qb6 15.
Qc2 Rfc8 16. Bd2 Ne5 17. f4 Bxb5 18. cxb5 Nd7 19. Qa4 Ra8 20. Qe4 Rc7 21. a4 e6
22. Qf3 d5 23. Kh1 c4 24. e4 d4 25. dxc4 Rxc4 26. b3 Rc2 27. Qd3 Ra2 28. Rf2
Qa7 29. Rc1 Rd8 30. b6 Qb8 31. Qb1 Ra3 32. Bxa5 Bf8 33. Qd3 Nc5 34. Qb5 Rxb3
35. Qc4 Rxg3 36. Rd1 Ra3 37. Rxd4 Rxa4 38. Rxd8 Qxd8 39. Qb5 Qd4 0-1

[Event "OLNN 1819 Preetzer TSV - Schachfreunde "]
[Site "?"]
[Date "2019.01.20"]
[Round "5.3"]
[White "Neffe, Axel"]
[Black "Reinecker, Kai"]
[Result "1/2-1/2"]
[WhiteElo "2215"]
[BlackElo "2253"]
[PlyCount "30"]
[EventDate "2019.??.??"]

1. d4 Nf6 2. c4 e6 3. Nf3 d5 4. Nc3 Be7 5. Bg5 O-O 6. e3 h6 7. Bh4 b6 8. Be2
Bb7 9. O-O Nbd7 10. Rc1 c5 11. dxc5 Nxc5 12. Bxf6 Bxf6 13. cxd5 Bxc3 14. Rxc3
Bxd5 15. Nd2 a5 1/2-1/2

[Event "OLNN 1819 Preetzer TSV - Schachfreunde "]
[Site "?"]
[Date "2019.01.20"]
[Round "5.4"]
[White "Light, Bjarne"]
[Black "Hermesmann, Hans"]
[Result "0-1"]
[WhiteElo "2196"]
[BlackElo "2252"]
[PlyCount "100"]
[EventDate "2019.??.??"]

1. c4 e5 2. g3 Nf6 3. Bg2 h6 4. Nc3 Bb4 5. e4 d6 6. Nge2 Bc5 7. h3 Nc6 8. O-O
O-O 9. Kh2 a6 10. f4 Rb8 11. a3 b5 12. b4 Ba7 13. d3 Nd4 14. Nd5 Nh7 15. fxe5
dxe5 16. c5 Nxe2 17. Qxe2 c6 18. Ne3 Rb7 19. Nf5 Bb8 20. Qg4 Bxf5 21. Rxf5 Kh8
22. Bf1 Re7 23. Ra2 Qd7 24. Qh4 Bc7 25. g4 Ree8 26. Qg3 Bd8 27. h4 g6 28. Rf3
g5 29. Qg1 gxh4 30. Bxh6 Qe6 31. Bxf8 Qxa2+ 32. Rf2 Qe6 33. Bd6 Bg5 34. Rf3
Bf4+ 35. Rxf4 exf4 36. Bxf4 Nf8 37. Bh3 Ng6 38. Qd4+ Kh7 39. Bd6 Qa2+ 40. Kg1
Qxa3 41. Qe3 a5 42. g5 Qa1+ 43. Kf2 axb4 44. Qf3 Kg8 45. Bf5 Ra8 46. Kg2 Ne5
47. Bxe5 Ra2+ 48. Kh3 Qxe5 49. Kg4 Ra1 50. Kxh4 Rg1 0-1

[Event "OLNN 1819 Preetzer TSV - Schachfreunde "]
[Site "?"]
[Date "2019.01.20"]
[Round "5.5"]
[White "Ritscher, Jan-Paul"]
[Black "Schwarzat, Julian"]
[Result "1-0"]
[WhiteElo "2247"]
[BlackElo "2100"]
[PlyCount "199"]
[EventDate "2019.??.??"]

1. d4 e6 2. c4 Bb4+ 3. Bd2 Bxd2+ 4. Qxd2 Nf6 5. Nc3 d5 6. Nf3 O-O 7. e3 b6 8.
cxd5 exd5 9. Bd3 Bb7 10. O-O Nbd7 11. b4 Qe7 12. Rab1 Ne4 13. Qc2 f5 14. Qb3
Ndf6 15. Rb2 Kh8 16. Ne5 c6 17. Rc1 Nd6 18. Ne2 Rac8 19. Rbc2 Ng4 20. Nxg4 fxg4
21. Ng3 b5 22. Re2 Qf6 23. Qc2 g6 24. Qc5 h5 25. e4 dxe4 26. Nxe4 Nxe4 27. Bxe4
Rce8 28. Rf1 a6 29. Re3 Rd8 30. Qe5 Kg7 31. Qxf6+ Rxf6 32. Rd1 Rfd6 33. Red3
Re8 34. f3 gxf3 35. Bxf3 Kf6 36. Kf2 Ree6 37. Re3 Rxe3 38. Kxe3 Kf5 39. Be4+
Kf6 40. Rf1+ Kg7 41. Rc1 Kf6 42. Rc5 Re6 43. h4 Rd6 44. a3 Re6 45. Rg5 Kf7 46.
Re5 Rf6 47. Rc5 Rd6 48. Bf3 Kf6 49. Kd3 Re6 50. Rc1 Rd6 51. g4 hxg4 52. Bxg4
Kf7 53. Ke3 Rf6 54. Bh3 Ke7 55. Bg2 Re6+ 56. Kd3 Rd6 57. Rc5 Kf6 58. Be4 Ke7
59. Ke3 Kf7 60. h5 gxh5 61. Rxh5 Ke8 62. Rh7 Rd7 63. Rh8+ Ke7 64. Rh6 Kd8 65.
Bxc6 Re7+ 66. Kd3 Kc7 67. Bxb7 Kxb7 68. d5 Re1 69. Kd4 Ra1 70. Rh3 Kc7 71. Rc3+
Kd7 72. Kc5 Rd1 73. Rh3 Rc1+ 74. Kb6 Rd1 75. Rh5 Rd3 76. Kxa6 Rxa3+ 77. Kxb5
Rb3 78. Rh6 Rb1 79. Kc5 Rc1+ 80. Kb6 Rd1 81. d6 Rb1 82. b5 Ra1 83. Kb7 Rb1 84.
b6 Rb2 85. Rh3 Ra2 86. Rb3 Ra1 87. Kb8 Ra2 88. b7 Ra1 89. Rc3 Ra2 90. Rc7+ Kd8
91. d7 Ra3 92. Rc8+ Kxd7 93. Rc4 Rb3 94. Rc1 Ra3 95. Rd1+ Ke7 96. Rd4 Ra1 97.
Kc7 Rc1+ 98. Kb6 Rb1+ 99. Kc6 Rb2 100. Rd5 1-0

[Event "OLNN 1819 Preetzer TSV - Schachfreunde "]
[Site "?"]
[Date "2019.01.20"]
[Round "5.6"]
[White "Schuette, Andreas"]
[Black "Andersen, Jens Knud"]
[Result "1/2-1/2"]
[WhiteElo "2157"]
[BlackElo "2140"]
[PlyCount "63"]
[EventDate "2019.??.??"]

1. d4 e6 2. Nc3 d5 3. Qd3 Nf6 4. Bg5 Be7 5. Bxf6 Bxf6 6. Nf3 c5 7. dxc5 Nd7 8.
e4 O-O 9. exd5 Nxc5 10. Qc4 Bxc3+ 11. Qxc3 Qxd5 12. Qe5 Qxe5+ 13. Nxe5 f6 14.
Nd3 Nxd3+ 15. Bxd3 e5 16. O-O Be6 17. f4 Bd5 18. fxe5 fxe5 19. Rxf8+ Rxf8 20.
Re1 Re8 21. Be4 Bxe4 22. Rxe4 Kf7 23. Kf2 Ke6 24. Ra4 a6 25. Rb4 b5 26. Ke3 Rc8
27. c3 Kd5 28. Rg4 g6 29. Kd3 Rf8 30. a4 Rf2 31. axb5 axb5 32. b3 1/2-1/2

[Event "OLNN 1819 Preetzer TSV - Schachfreunde "]
[Site "?"]
[Date "2019.01.20"]
[Round "5.7"]
[White "Kluenger, Marc"]
[Black "Dittmann, Hans-Adolf"]
[Result "1-0"]
[WhiteElo "2192"]
[BlackElo "2037"]
[PlyCount "131"]
[EventDate "2019.??.??"]

1. Nf3 Nf6 2. c4 e6 3. b3 b6 4. g3 Bb7 5. Bg2 Be7 6. O-O O-O 7. Bb2 c5 8. Nc3
d6 9. e3 Nbd7 10. Qe2 Ne5 11. e4 Nfd7 12. Ne1 Bf6 13. Nc2 Nc6 14. Rab1 Nd4 15.
Nxd4 Bxd4 16. Nb5 Bxb2 17. Rxb2 Qe7 18. Rd1 a6 19. Nc3 Rad8 20. d4 cxd4 21.
Rxd4 Nc5 22. Rd1 a5 23. Rbd2 Bc6 24. Qe3 f5 25. exf5 Bxg2 26. Kxg2 Rxf5 27. Kg1
Qf8 28. Nb5 Rf3 29. Qe2 Qf6 30. Rxd6 Rf8 31. R6d2 h5 32. h4 Kh7 33. Nd4 Rc3 34.
Qxh5+ Kg8 35. Qe2 e5 36. Nc2 e4 37. Ne3 Rd3 38. Nd5 Qd4 39. Nf4 Rxg3+ 40. Kf1
Rd3 41. Nxd3 exd3 42. Rxd3 Qxh4 43. Kg1 Ne4 44. f3 Ng5 45. Qg2 Nh3+ 46. Kf1 Nf4
47. Qf2 Qh1+ 48. Qg1 Qh3+ 49. Kf2 Qf5 50. Qf1 Qf6 51. Rd6 Qh4+ 52. Ke3 Re8+ 53.
Kd4 Qh2 54. c5 Ne2+ 55. Kc4 Qf4+ 56. Kb5 Nc3+ 57. Kc6 Ne2 58. Rd8 Qf6+ 59. R1d6
Qe5 60. Rxe8+ Qxe8+ 61. Kxb6 Qb8+ 62. Kxa5 Qc7+ 63. Kb4 Qb7+ 64. Rb6 Qe7 65.
Qh3 Qe5 66. Qe6+ 1-0

[Event "OLNN 1819 Preetzer TSV - Schachfreunde "]
[Site "?"]
[Date "2019.01.20"]
[Round "5.8"]
[White "Kornrumpf, Joachim"]
[Black "Zimmermann, Martin"]
[Result "1/2-1/2"]
[WhiteElo "2090"]
[BlackElo "2147"]
[PlyCount "28"]
[EventDate "2019.??.??"]

1. e3 d5 2. c4 e6 3. Nf3 Nf6 4. b3 Be7 5. Bb2 c6 6. Be2 Nbd7 7. Qc2 a5 8. a3
O-O 9. d3 b5 10. cxb5 cxb5 11. Nbd2 Bb7 12. Rc1 Rc8 13. Qb1 Rxc1+ 14. Qxc1 Nb6
1/2-1/2